| 000 | 00656nam a22001937a 4500 | ||
|---|---|---|---|
| 999 |
_c184165 _d184165 |
||
| 005 | 20220121142133.0 | ||
| 010 | _aENG-131112 | ||
| 020 |
_a978-93-544-*9393-5 _c899.00 |
||
| 035 | _aEN-114644 | ||
| 037 | _bDBAD | ||
| 082 | _a621.3815 | ||
| 100 | _aFloyd, Thomas L. | ||
| 245 |
_aElectronic Devices: _bConventional Current Version/ _cThomas L. Floyd |
||
| 250 | _a10th Edition | ||
| 260 |
_aUttar Pradesh _bPearson India Education Services Pvt. Ltd _c2021 |
||
| 270 |
_bUttar Pradesh _a15th Floor, Tower-B, World Trade Tower, Plot No. 1, Block-C, Sector 16 _e201301 |
||
| 300 |
_a928p. _c28cm(pbk) |
||
| 942 |
_2ddc _cEN _h621.3815 _mFLO |
||